Prolegómenos a toda metafísica futura que haya de poder presentarse como ciencia
Shranjeno v:
| Format: | Knjiga |
|---|---|
| Jezik: | nemščina španščina |
| Izdano: |
Madrid
Istmo
1999
|
| Izdaja: | 1a. ed |
| Serija: | Colección Fundamentos, 153
|
| Teme: | |
| Oznake: |
Označite
Brez oznak, prvi označite!
|
MARC
| LEADER | 00000cam a2200000 a 4500 | ||
|---|---|---|---|
| 001 | UCD2938 | ||
| 003 | CL-VaPUC | ||
| 005 | 20240820103304.0 | ||
| 008 | 160520e19990000sp |||||||||||||||||ger|d | ||
| 999 | |c 364047 |d 364045 | ||
| 020 | |a 8470903349 | ||
| 040 | |c Pontificia Universidad Católica de Valparaíso | ||
| 041 | 0 | 7 | |a ger |2 CL-VaPUC |
| 041 | 0 | 7 | |a spa |2 CL-VaPUC |
| 082 | 0 | 4 | |a 142.3 |b KAN |2 21 |
| 245 | 1 | 0 | |a Prolegómenos a toda metafísica futura que haya de poder presentarse como ciencia |
| 250 | |a 1a. ed | ||
| 260 | |a Madrid |b Istmo |c 1999 | ||
| 300 | |a 387 p | ||
| 490 | 0 | |a Colección Fundamentos, 153 | |
| 583 | |a last modification |c 20160520 11:34:00 |k Rodrigo Vera | ||
| 650 | 0 | |a Kantismo |9 311003 | |
| 650 | 0 | |a Teoría del conocimiento |9 255038 | |
| 650 | 0 | |a Fenomenología |9 256519 | |
| 650 | 0 | |a Filosofía alemana |9 265002 | |
| 852 | |a BIBCUR | ||
| 942 | |c BK |2 ddc | ||
| 945 | |d 20160520 11:34:00 |a dcastane | ||
| 952 | |0 0 |1 0 |3 erb |4 0 |6 142_300000000000000_KAN_1999 |7 0 |8 A |9 476959 |a FDOHBE |b FDOHBE |e Huesbe Llanos, Marco Antonio, 1934- |i 5304288 |o 142.3 KAN 1999 |p 5304288 |r 2024-01-30 |w 2019-11-24 |y BK |z Catalogado en:20160520 |k HBE | ||